00533nam a22001937a 450000500170000001000130001702000100003003500130004003700160005304000120006908200110008110000250009224500880011726000380020527000410024330000200028465000160030465000190032020170124110108.0 aA-705839 c00.00 aA-705839 bCen Lib/Ret aDPLbEN aSbPAR aParanjape, Makarand  aThis time i promise it will be different :cby Makarand Paranjape bshort stories / bUBS Publishers c1994aNew Delhi  bNew Delhi a5, ansari road, e110002 a133p.c21cm(Hb) aLiterature  aShort stories